ბათუმის შოთა რუსთაველის სახელმწიფო უნივერსიტეტის ბიბლიოთეკა

მსოფლიო რელიგიები / (ბიბ.ჩანაწერი № 63050)

000 -ლიდერი
ფიქსირებული სიგრძის საკონტროლო ველი 01307nam a22002777a 4500
003 - საკონტროლო ნომრის იდენტიფიკატორი
საკონტროლო ველი Ge_BSU
005 - ბოლო ოპერაციის თარიღი და დრო
საკონტროლო ველი 20250523172606.0
008 - ფიქსირებული სიგრძის მონაცემთა ელემენტები - ზოგადი ინფორმაცია
ფიქსირებული სიგრძის საკონტროლო ველი 250523s2024 ge ||||| |||| 00| 0 geo d
020 ## - წიგნის საერთაშორისო სტანდარტული ნომერი
International Standard Book Number 9789994054923
041 ## - ენის კოდი
Language code of text/sound track or separate title geo
080 ## - უნივერსალური ათობითი კლასიფიკაციის ინდექსი
Universal Decimal Classification number 2(100) ს-60
100 ## - მთავარი ჩანაწერი - პიროვნების სახელი
Personal name სმიტი, ჰ.
9 (RLIN) 25114
245 ## - ცნობა სათაურის შესახებ
Title მსოფლიო რელიგიები /
Statement of responsibility, etc ჰიუსტონ სმიტი; ინგ. თარგმნა ნ. ბარძიმიშვილმა; რედ. თ. თითმერია; გარეკანის დიზაინი ნ. ეკიზაშვილი.
250 ## - გამოცემის ცნობა
Edition statement პირველი გამოცემა
264 ## - წარმოების, გამოცემის, დისტრიბუციის და სხვა ცნობები
გამოცემის, წარმოების, დისტრიბუციის... ადგილი თბილისი:
გამოცემის, წარმოების, დისტრიბუციის... სახელწოდება არეტე,
გამოცემის, წარმოების, დისტრიბუციის... თარიღი 2024.
300 ## - ფიზიკური აღწერა
Extent 458 გვ.;
Other physical details 24 სმ.
653 ## - INDEX TERM--UNCONTROLLED
Uncontrolled term რელიგიები
653 ## - INDEX TERM--UNCONTROLLED
Uncontrolled term ინდუიზმი
653 ## - INDEX TERM--UNCONTROLLED
Uncontrolled term ბუდიზმი
653 ## - INDEX TERM--UNCONTROLLED
Uncontrolled term ქრისტიანობა
653 ## - INDEX TERM--UNCONTROLLED
Uncontrolled term ისლამი
700 ## - ADDED ENTRY--PERSONAL NAME
Personal name ბარძიმიშვილი, ნ.
Relator term მთარგმნელი
9 (RLIN) 25115
700 ## - ADDED ENTRY--PERSONAL NAME
Personal name თითმერია, თ.
Relator term რედაქტორი
9 (RLIN) 25116
700 ## - ADDED ENTRY--PERSONAL NAME
Personal name ეკიზაშვილი, ნ.
Relator term გარეკანის დიზაინი
9 (RLIN) 25117
942 ## - ADDED ENTRY ELEMENTS (KOHA)
Source of classification or shelving scheme
Koha item type წიგნი
ეგზემპლარები
ჩამოწერის სტატუსი დაკარგული ეგზემპლარის სტატუსი კლასიფიკაციის წყარო ან თაროზე გაწყობის სქემა დაზიანების სტატუსი არ გაიცემა მუდმივი მდებარეობა (დაცვის ადგილი) ამჟამინდელი ადგილსამყოფელი თაროზე განთავსების ადგილი შეძენის თარიღი ღირებულება, შესყიდვის ნორმალური ფასი სრული შენახვის შიფრი შტრიხკოდი ბოლო ოპერაციის თარიღი ეგზემპლარის მიმდევრობითი ნომერი (კეტერი?) ფასის ძალაში შესვლის თარიღი ეგზემპლარის სახეობა საჯარო შენიშვნა
          ბათუმის შოთა რუსთაველის სახელმწიფო უნივერსიტეტის მთავარი ბიბლიოთეკა ბათუმის შოთა რუსთაველის სახელმწიფო უნივერსიტეტის მთავარი ბიბლიოთეკა წიგნსაცავი 2025-05-23 37.00 2(100) ს-60 71555 2025-05-23 71555 2025-05-23 წიგნი 37 ლ.
          ბათუმის შოთა რუსთაველის სახელმწიფო უნივერსიტეტის მთავარი ბიბლიოთეკა ბათუმის შოთა რუსთაველის სახელმწიფო უნივერსიტეტის მთავარი ბიბლიოთეკა წიგნსაცავი 2025-05-23 37.00 2(100) ს-60 71556 2025-05-23 71556 2025-05-23 წიგნი 37 ლ.